| 000 | 01041nas a2200301 4500 | ||
|---|---|---|---|
| 001 | BR8602503 | ||
| 003 | BR-BrBNA | ||
| 005 | 20231205090455.0 | ||
| 007 | ta | ||
| 008 | 230509b bl.|||p| |||| 00| 00por d | ||
| 040 |
_aBR-BrBNA _bpor _cBiblioteca Nacional de Agricultura |
||
| 041 | _a(Pt) | ||
| 072 | _aH10 | ||
| 100 | 1 | _aPrado, P.C.N. do | |
| 100 | 1 | _aCunha, H.F. da | |
| 100 | 1 | _aSilva, A.L. da | |
| 245 | 1 | _aOcorrencia dos principais insetos - praga da soja e seus inimigos naturais em Santa Helena de Goias [Glycine max] | |
| 246 | 1 | _a[Occurrence of the main soybean pests and their natural enemies in Santa Helena de Goias, Brazil] | |
| 650 | _aSOJA | ||
| 650 | _aLAGARTA | ||
| 650 | _aPERCEVEJO | ||
| 650 | _aBROCA | ||
| 650 | _aINSETO PARA CONTROLE BIOLOGICO | ||
| 650 | _aGOIAS | ||
| 773 | 0 |
_tAnais da Escola de Agronomia e Veterinaria - Universidade Federal de Goias (Brazil) _xISSN 0100-218X _g(1982-1983), v. 12-13(1) p. 91-103 _wBR8602503 |
|
| 909 |
_a202311 _bLúcia _c55 _dLúcia Elande |
||
| 942 |
_2AGRIS _n0 _cANA |
||
| 999 |
_c118701 _d118701 |
||